LDR 01195naa#a2200181#i#450# 001 RU\\bibl\19773 005 20260603010220.3 100 ## _a20260601b2026####ek#y0rusy0150####ca 102 ## _aRU 200 1# _aАНАЛИЗ ДЕЯТЕЛЬНОСТИ «ЦЕМЕНТНЫЙ ЗАВОД «ПЕРВОМАЙСКИЙ» НА СОСТОЯНИЕ АТМОСФЕРНОГО ВОЗДУХА _eСтатья/тезисы конференции 210 1# _aВоронеж _cВоронежский государственный лесотехнический университет имени Г.Ф. Морозова _d2026 215 ## _a5 с. 608 ## _aСтатья/тезисы конференции _2local 675 ## _aПромышленность вяжущих: извести, гипса, цемента и т. д. Строительные растворы и смеси. Производство бетонных и железобетонных изделий. 666.9 _aЗагрязнение атмосферы. Загрязнение воздуха. 504.3.054 _z 700 #1 _aПелих _gА. Н. 700 #1 _aПарахневич _gТатьяна Михайловна 700 #1 _aКирик _gА. И. 856 4# _abibl.vgltu.ru _u